| 000 | 00800nam a2200205 a 4500 | ||
|---|---|---|---|
| 001 | 000017492 | ||
| 005 | 20200929165129.0 | ||
| 008 | 100325s1944 dr 001 0 spa d | ||
| 040 |
_aDO-SdBNP _bspa _cBNPHU |
||
| 082 |
_axxxx _bO771l |
||
| 100 | 1 |
_aOrtega Frier, Julio _938209 |
|
| 245 | 1 | 0 |
_aLugar del aprendizaje activo en la universidad / _cJulio Ortega Frier. |
| 260 |
_aCiudad Trujillo, República Dominicana : _bUniversidad Autónoma de Santo Dominogo _bMontalvo, _c1944. |
||
| 300 |
_avii, 102 p. ; _c25 cm. |
||
| 490 | 1 |
_aPublicaciones de la Universidad Autónoma de Santo Dominogo _v8 |
|
| 500 | _aIncluye índice de materias | ||
| 504 | _aIncluye referencias bibliográficas y notas al pie de las páginas | ||
| 830 | 0 |
_aUniversidad Autónoma de Santo Dominogo _v8 _938210 |
|
| 049 | _aBNPD | ||
| 999 |
_c17017 _d17017 |
||